000 00369 a2200121 4500
005 20250628135050.0
020 _a9976-78-007-9
100 _aMwangamila, A.G
245 _aCo-Operative Principles and Accounting
260 _aDar es Salaam
_bTanzania Printing Services Limited
_c2000
300 _axii, 145p.: ill; tables
_bBibliography & Footnotes
_c26cm
942 _2ddc
_cBKS
999 _c6037
_d6037